000 00743nam a2200217 a 4500
001 000010712
005 20200929162259.0
008 091009s1989 dr ad 001 0 spa d
040 _aDO-SdBNP
_bspa
_cBNPHU
082 _a618.92
_bN851a, 1989
245 0 0 _aNormas de atención pediátrica /
_ceditor Hugo R. Mendoza.
250 _a4ª ed.
260 _aSanto Domingo :
_bHospital de niños Robert Reid Cabral,
_c1989.
300 _a678 p. :
_bil., gráfcs. ;
_c20 cm.
590 _aInventariado,2018/DG
650 4 _aPediatría
_xNormas
_925920
650 4 _aNiños
_xCuidado e higiene
_91754
650 4 _aEnfermedades en niños
_xTratamientos
_925921
700 1 _aMendoza, Hugo R.
_eed.
_96390
910 _aValidado. Control de la calidad EMS
999 _c10467
_d10467